| 000 | 01116cam a2200289 a 4500 | ||
|---|---|---|---|
| 999 |
_c8017 _d8017 |
||
| 001 | 3978984 | ||
| 003 | GBCCL | ||
| 005 | 20241126110641.0 | ||
| 008 | 950512s1995 tnua b 010 0 eng | ||
| 010 | _a 95020170 | ||
| 020 | _a068713871X (recycled alk. paper) | ||
| 040 |
_aDLC _cDLC _dDLC |
||
| 050 | 0 | 0 |
_aBS1171.2 _b.O43 1995 |
| 082 | 0 | 0 |
_a221.609045 _220 _bOLD |
| 245 | 0 | 0 |
_aOld Testament interpretation : _bpast, present, and future : essays in honor of Gene M. Tucker / _cedited by James Luther Mays, David L. Petersen, and Kent Harold Richards. |
| 260 |
_aNashville : _bAbingdon Press, _cc1995. |
||
| 300 |
_a304 p. : _bill. ; _c23 cm. |
||
| 504 | _aIncludes bibliographical references. | ||
| 630 | 0 | 0 |
_aBible. _pOld Testament _xCriticism, interpretation, etc. _957 |
| 700 | 1 |
_aTucker, Gene M. _913981 |
|
| 700 | 1 |
_aMays, James Luther. _913982 |
|
| 700 | 1 |
_aPetersen, David L. _913983 |
|
| 700 | 1 |
_aRichards, Kent Harold, _d1939- _913984 |
|
| 906 |
_a7 _bcbc _corignew _d1 _eocip _f19 _gy-gencatlg |
||
| 942 |
_2ddc _cBK _014 |
||